[Event "EU-ch Hybrid U12"]
[Site "Tornelo INT"]
[Date "2021.10.15"]
[Round "7"]
[White "Bartodziej, Bartosz"]
[Black "Erashov, Roman"]
[Result "1-0"]
[WhiteElo "1923"]
[BlackElo "1604"]
[PlyCount "153"]
[EventDate "2021.10.15"]
[EventType "swiss"]
[EventRounds "9"]
[EventCountry "NET"]
[SourceTitle "EXT 2023"]
[Source "ChessBase"]
[SourceDate "2022.10.05"]
[SourceVersion "1"]
[SourceVersionDate "2022.10.05"]
[SourceQuality "1"]
[WhiteTeam "Poland"]
[BlackTeam "Russia"]
[WhiteTeamCountry "POL"]
[BlackTeamCountry "RUS"]

1. e4 c5 2. Nf3 Nc6 3. d4 cxd4 4. Nxd4 Nf6 5. Nc3 e5 6. Ndb5 d6 7. Bg5 a6 8. Na3 b5 9. Nd5 Be7 10. Bxf6 Bxf6 11. c3 Bg5 12. Nc2 0-0 13. a4 bxa4 14. Rxa4 Ne7 15. Bc4 Bb7 16. Ncb4 a5 17. Nxe7+ Bxe7 18. Nd5 Bc6 19. Ra2 Kh8 20. Qd3 Bxd5 21. Bxd5 Rb8 22. b3 Qb6 23. h4 Qc5 24. g3 Qb5 25. Bc4 Qc5 26. Kf1 Bd8 27. Kg2 Bc7 28. Qf3 Qc6 29. Bd5 Qd7 30. g4 Bb6 31. Qe2 Rfc8 32. Bc4 Ra8 33. Ra4 Rab8 34. Rh3 Qe7 35. Ra1 Qc7 36. Rf3 Rf8 37. Qd3 Qd7 38. Kg3 Qc7 39. Rf5 Qd7 40. Rxe5 Bxf2+ 41. Kf3 Qd8 42. Rh5 Bb6 43. Kg3 Bc7 44. Rd5 Qe7 45. Rf1 Rbe8 46. Bb5 Rb8 47. Kh3 Bd8 48. g5 Qe6+ 49. Kg3 Bc7 50. Bc4 f6 51. Qf3 Qe7 52. g6 h6 53. Kg2 Rfe8 54. Bb5 Rf8 55. Rh5 Rfd8 56. Bc4 Re8 57. Bd5 Qf8 58. Qe3 Bb6 59. Qh3 Rec8 60. c4 Bd4 61. Qd7 Be3 62. Rf3 Bc1 63. Rhf5 Bb2 64. Rh5 Bc1 65. e5 dxe5 66. Rhf5 Qe8 67. Qa7 Qxg6+ 68. Rg3 Qh7 69. Be4 Rd8 70. Rxe5 Qg8 71. Re7 Bg5 72. hxg5 Rd2+ 73. Kf1 fxg5 74. Bd5 Qd8 75. Rge3 Qf8+ 76. Rf3 Qc8 77. Rxg7 1-0

[Event "EU-ch Hybrid U12"]
[Site "Tornelo INT"]
[Date "2021.10.15"]
[Round "4"]
[White "Butolo, Alexandru Mircea"]
[Black "Erashov, Roman"]
[Result "1/2-1/2"]
[WhiteElo "1824"]
[BlackElo "1604"]
[PlyCount "84"]
[EventDate "2021.10.15"]
[EventType "swiss"]
[EventRounds "9"]
[EventCountry "NET"]
[SourceTitle "EXT 2023"]
[Source "ChessBase"]
[SourceDate "2022.10.05"]
[SourceVersion "1"]
[SourceVersionDate "2022.10.05"]
[SourceQuality "1"]
[WhiteTeam "Romania"]
[BlackTeam "Russia"]
[WhiteTeamCountry "ROU"]
[BlackTeamCountry "RUS"]

1. e4 c5 2. Nf3 Nc6 3. Bb5 g6 4. Bxc6 bxc6 5. 0-0 Bg7 6. c3 e5 7. d4 cxd4 8. cxd4 exd4 9. Nxd4 Ne7 10. Nc3 0-0 11. Bg5 Re8 12. Nxc6 dxc6 13. Qxd8 Rxd8 14. Bxe7 Re8 15. Bc5 Bxc3 16. bxc3 Rxe4 17. f3 Re2 18. Rfd1 Be6 19. a3 a6 20. Rab1 Re5 21. Bd4 Rb5 22. a4 Ra5 23. Rb6 Bd5 24. Rdb1 f5 25. Rb8+ Rxb8 26. Rxb8+ Kf7 27. Rb7+ Ke6 28. Rxh7 Rxa4 29. Rg7 Ra1+ 30. Kf2 Ra2+ 31. Kg3 f4+ 32. Kxf4 Rxg2 33. h4 a5 34. h5 g5+ 35. Rxg5 Rxg5 36. Kxg5 Bxf3 37. h6 Be4 38. c4 Bh7 39. Kf4 Kd6 40. Ke3 Ke6 41. Kd2 Kf5 42. Kc3 Kg6 1/2-1/2

[Event "EU-ch Hybrid U12"]
[Site "Tornelo INT"]
[Date "2021.10.15"]
[Round "5"]
[White "Erashov, Roman"]
[Black "Huber, Benedikt Thomas"]
[Result "1-0"]
[WhiteElo "1604"]
[BlackElo "1797"]
[PlyCount "65"]
[EventDate "2021.10.15"]
[EventType "swiss"]
[EventRounds "9"]
[EventCountry "NET"]
[SourceTitle "EXT 2023"]
[Source "ChessBase"]
[SourceDate "2022.10.05"]
[SourceVersion "1"]
[SourceVersionDate "2022.10.05"]
[SourceQuality "1"]
[WhiteTeam "Russia"]
[BlackTeam "Germany"]
[WhiteTeamCountry "RUS"]
[BlackTeamCountry "GER"]

1. e4 e6 2. d3 d5 3. Qe2 Nf6 4. Nf3 dxe4 5. dxe4 Nc6 6. g3 Bc5 7. Bg2 0-0 8. 0-0 e5 9. c3 a5 10. a4 b6 11. Rd1 Qe7 12. Na3 Ng4 13. Rf1 Bxa3 14. Rxa3 Ba6 15. c4 Qe6 16. b3 Nf6 17. Bb2 Rad8 18. Raa1 Nd4 19. Nxd4 exd4 20. Rad1 c5 21. f4 Bb7 22. e5 Bxg2 23. Qxg2 Nd7 24. Rde1 Nb8 25. f5 Qc6 26. Qd2 h6 27. f6 Nd7 28. Bc1 Rfe8 29. Qf4 Qe6 30. fxg7 Nxe5 31. Rxe5 Qxe5 32. Qxf7+ Kh7 33. g8Q# 1-0